00962nam a2200229 a 4500001001000000003000500010005001700015008004100032010001100073011001100084040000900095100003400104245022900138260004100367500006000408502006900468650003900537650002100576650003300597700003200630856007000662000115272CHAP20220329144527.0190122s2018 mx a sm |||||||spa d a111733 a112705 cCHAP1 aSantiago Moreno, Diana Laura.10aEvaluación y diseño de un sistema de riego para el cultivo de papaya (Carica papaya L.) en el municipio de Buena Vista Tomatlán, Michoacán /h[En línea]cpor Diana Laura Santiago Moreno y Maximiliano Tapia Herrera. aChapingo, Méx. :bEl autor,c2018. aPara ver el contenido del material haga clic en la liga aTesis (Ing. Agr. Esp. en Suelos) -- UACH. Departamento de Suelos14aRiego de superficiexEvaluación.14aRiego por goteo.14aSuelosxHumedadxMedición.1 aTapia Herrera, Maximiliano. aFinding aiduhttp://10.13.5.2/tesis/sist115272.pdfzTeclea aquí